000 00503nam a2200181Ia 4500
003 GCL
008 140319s9999 xx 000 0 eng d
040 _aGCL /
_cGCL
082 0 4 _a338.19
_bG F
100 1 _aGREENFIELD, H
245 1 0 _aFOOD COMPOSITION DATA: PRODUCTION MANAGEMENT AND U S E /
_cGREENFIELD, H
700 1 _aSOUTHGATE, D.A.T.
260 _a[S.N] :
_bCHAPMAN & HALL ،
_c1993
300 _a243
650 0 4 _aFOOD INDUSTRY AND TRADE
650 0 4 _aFOOD COMPOSITION
942 _2ddc
_cBK
999 _c15914
_d15914